Manual de seguridad personal y empresaria (Registro nro. 9293)
[ vista simple ]
| 000 -CABECERA | |
|---|---|
| campo de control de longitud fija | 00731nam a22002657a 4500 |
| 005 - FECHA Y HORA DE ACTUALIZACIÓN | |
| campo de control | 20170418183536.0 |
| 008 - LONGITUD FIJA | |
| campo de control de longitud fija | 170418b xxu||||| |||| 00| 0 spa d |
| 020 ## - INTERNATIONAL STANDARD BOOK NUMBER | |
| Número Internacional Estándar del Libro | 9871127235 |
| 041 ## - IDIOMA | |
| Código de idioma del texto/pista de sonido o título separado | |
| 082 ## - CLASIFICACIÓN DECIMAL DEWEY | |
| Número de clasificación | 364.4 C136m |
| 100 ## - AUTOR PERSONAL | |
| Nombre de persona | Cairo, Juan Carlos |
| 100 ## - AUTOR PERSONAL | |
| Nombre de persona | León Saniez, Luis |
| 245 ## - TÍTULO PROPIAMENTE DICHO | |
| Título | Manual de seguridad personal y empresaria |
| 260 ## - PIE DE IMPRENTA | |
| Lugar de publicación, distribución, etc. | Argentina |
| 260 ## - PIE DE IMPRENTA | |
| Nombre del editor, distribuidor, etc. | Seguridad y Defensa |
| 260 ## - PIE DE IMPRENTA | |
| Fecha de publicación, distribución, etc. | 2005 |
| 300 ## - DESCRIPCIÓN FÍSICA | |
| Extensión | 143 páginas |
| 650 ## - Materia General | |
| Materia general | SEGURIDAD PERSONAL |
| 650 ## - Materia General | |
| Materia general | SEGURIDAD EMPRESARIAL |
| 650 ## - Materia General | |
| Materia general | TOMA DE REHENES |
| 650 ## - Materia General | |
| Materia general | SECUESTROS |
| 650 ## - Materia General | |
| Materia general | PREVENCIÓN DE SEGURIDAD |
| 650 ## - Materia General | |
| Materia general | LENGUAJE CORPORAL |
| 942 ## - Punto de Acceso Adicional Koha | |
| Tipo de ítem Koha | Libro |
No hay ítems disponibles.